000 00792nam a2200301Ia 4500
001 331
003 IT-RoPAU
008 130308s9999 xx 000 0 und d
040 _aIT-RoPAU
040 _cIT-RoPAU
041 _aITALIANO
100 _aCeccarelli Paolo
100 _gCodice Aut. SPICS: 8238
245 _aDue anime dell'urbanistica (Le)
245 _bAlmanacco letterario Bompiani 1967
250 _a1a ed.
260 _aMILANO
260 _bBompiani
260 _c1966 [1° Ed.:1966 - Ed.Ling.Originale:1966]
300 _a"3 p. (prefazione: no ; testo: 3 [pagine: 131-133])"
500 _aNorme e Tecniche Operative
650 _aSAGGI DI ICONOLOGIA
650 _eCodice materia Spics: 5161
942 _cBK
957 _71
999 _c47818
_d47818
999 _bSI
999 _g1